03510nam a2200361uu 4500001000800000005001700008007001000025008004100035035001200076040001300088041000800101080000700109100005100116245021200167260004300379300001300422500022900435520176400664650004002428650003802468650004602506650004602552650003702598700005502635700005002690700005202740700005402792700005202846700005302898942000902951999001902960952016902979110783220260507084244.0co|||||||081007s2008 spa  a1107832 ccomduadb aspa aWS10aAcevedo Yepes, Liliana Maria4auteaut955430710aIncremento de la autoestima en los jovenes del colectivo de Ciudad Don Bosco asociada a actitudes de independencia de sus pares para la toma de decisiones ; barrio Robledo Aures, Medellin, septiembre de 2008 aMedellín :b[sin publicador],c2008. a1 CD-ROM aEste trabajo hace parte de la practica de promocion de la salud realizada por estudiantes de la Facultad de Enfermeria de la Universidad de Antioquia. El CD-ROM incluye dos grabaciones auditivas con una duracion de 1 minuto.3 aEl presente proyecto educativo de carácter social se basa en la teoría del desarrollo a escala humana. Su realización se hizo en cuatro fases: en la primera, se tuvo el acercamiento y reconocimiento del colectivo integrados por jóvenes recién ingresados al programa de Formación Técnica para el Trabajo en los diferentes talleres de la institución Ciudad Don Bosco (metal mecánica, confección, ebanistería, artes graficas y mecánica automotriz) con edades entre los 15 y 18 años de edad, la mayoría en condición de semi-internos; la segunda fase consistió en el diagnostico para la identificación del problema de autoestima pero no solo en la necesidad axiológica, en la cual presentan más debilidad los jóvenes, sino también en los satisfactores más vulnerables. Se encontró una debilidad en este satisfactor de la autoestima y la necesidad de tener una identidad frente al colectivo. Esta situación se debe a las difíciles condiciones de vida tanto en el ámbito social como familiar. Por consiguiente se evidencia una excesiva dependencia a la hora de tomar decisiones. La tercera fase es la de intervención, la cual se realizó mediante tres encuentros educativos que se desarrollaron con base a la alternativa elegida por los jóvenes; allí se trabajaron diferentes temas por medio de dinámicas e intervenciones teóricas, fortaleciendo así sus debilidades para que logren ser sujetos con autonomía en la toma de decisiones dentro de la sociedad y enfrentar los problemas y retos que les presenta la vida, logrando así un desarrollo íntegro como seres humanos. Finalmente se realizó la fase de evaluación, en la cual se observaron si los resultados obtenidos fueron los esperados. aFundación Ciudad Don Bosco961897 aAutoestima en adolescentes974815 7aPsicología del adolescente2lemb931974 aJuventud - Aspectos psicosociales9146310 7aToma de decisiones2lemb917518810aCadavid Zuluaga, Maria Alejandra4auteaut946522310aCardona Vargas, Anny Yohana4auteaut946855110aOrtiz Velasco, Marcos Antonio4auteaut955776610aPineda Botero, Sergio Alejandro4auteaut956084310aVásquez Jaramillo, Mónica4auteaut956257410aOrtega Pérez, Gloria Lucía4thseths9465751 cBOOK c477576d477576 001040708AUDIOVISUAaBEbBEd2008-10-07eMaterial adquirido por donacióniC1020420l0oWS462 A2-08 CD-ROMp0681259r2023-04-28 00:00:00t1w2023-04-28yDIGITAL